[Event "Online Olym Top DivB 2020"]
[Site "chess.com INT"]
[Date "2020.08.21"]
[Round "1.1"]
[Board "4"]
[White "Haast, Anne"]
[Black "Mammadova, Gulnar"]
[Result "1/2-1/2"]
[WhiteTitle "WGM"]
[BlackTitle "IM"]
[WhiteElo "2318"]
[BlackElo "2382"]
[WhiteTeam "Netherlands"]
[BlackTeam "Azerbaijan"]
[WhiteFideId "1017292"]
[BlackFideId "13403508"]
[EventDate "2020.08.21"]
[EventType "team"]

1. e4 c6 2. Nf3 d5 3. Nc3 Bg4 4. h3 Bxf3 5. Qxf3 e6 6. Qg3 Nf6 7. d3 d4 8. Ne2
c5 9. Bd2 Nc6 10. f4 Qb6 11. b3 Nb4 12. Kd1 a5 13. a4 Qc6 14. f5 exf5 15. Qe5+
Qe6 16. Qxf5 Qxf5 17. exf5 Bd6 18. g4 O-O-O 19. Bg2 Rhe8 20. Bxb4 cxb4 21. Kd2
Bc7 22. Rae1 h5 23. g5 Nd5 24. Bxd5 Rxd5 25. Rhf1 Ree5 26. h4 Kd7 27. f6 g6 28.
Nf4 Rxe1 29. Kxe1 Rc5 30. Nxg6 Rxc2 31. Nf8+ Ke8 32. Nh7 Rc1+ 33. Ke2 Rxf1 34.
Kxf1 Bg3 35. Kg2 Bxh4 36. Kf3 Be1 37. Kf4 Bd2+ 38. Kf5 h4 39. g6 fxg6+ 40. Kxg6
Bh6 41. Kxh6 Kf7 42. Kh5 h3 43. Ng5+ Kxf6 44. Nxh3 Ke5 45. Kg4 b5 46. Nf2 bxa4
47. bxa4 b3 48. Nd1 Kd5 49. Kf4 Kc5 50. Ke4 Kb4 51. Kxd4 Kxa4 52. Kc4 Ka3 53. d4
b2 54. Nxb2 Kxb2 55. Kb5 Kb3 56. d5 a4 57. d6 a3 58. d7 a2 59. d8=Q a1=Q 60.
Qd5+ Kb2 61. Qd2+ Kb1 62. Qd3+ Kb2 63. Qe2+ Kb1 64. Qd3+ Kb2 65. Qe2+ Kb1 66.
Qd3+ 1/2-1/2

[Event "Online Olym Top DivB 2020"]
[Site "chess.com INT"]
[Date "2020.08.21"]
[Round "1.2"]
[Board "3"]
[White "Hoang, Thanh Trang"]
[Black "Afraoui, Anaelle"]
[Result "1/2-1/2"]
[WhiteTitle "GM"]
[BlackTitle "WFM"]
[WhiteElo "2407"]
[BlackElo "2120"]
[WhiteTeam "Hungary"]
[BlackTeam "France"]
[WhiteFideId "12400149"]
[BlackFideId "20654383"]
[EventDate "2020.08.21"]
[EventType "team"]

1. d4 Nf6 2. Nf3 g6 3. Bf4 Bg7 4. e3 O-O 5. Be2 d6 6. O-O Nbd7 7. h3 b6 8. a4
Bb7 9. a5 bxa5 10. Nbd2 c5 11. Nb3 cxd4 12. exd4 a4 13. Rxa4 Nb6 14. Ra3 Bd5 15.
Na5 Rc8 16. Nd2 Ne4 17. Nxe4 Bxe4 18. c4 e5 19. dxe5 dxe5 20. Be3 Qc7 21. b4
Rfd8 22. Qc1 Bf8 23. c5 Nd5 24. Bg5 Nxb4 25. Bxd8 Rxd8 26. Nb3 Ba8 27. Rd1 Rxd1+
28. Bxd1 Nd3 29. Qd2 Qc6 30. Bf3 e4 31. Na5 Qxc5 32. Rxd3 exd3 33. Bxa8 Qc2 34.
Qxc2 dxc2 35. Nb3 Ba3 36. Be4 c1=Q+ 37. Nxc1 Bxc1 38. Kf1 h6 39. Ke2 Kf8 40. Kd3
Ke7 41. Bd5 f6 42. h4 g5 43. hxg5 fxg5 44. g4 Kd6 45. Ba8 Ke5 46. f3 a5 47. Kc2
Be3 48. Kb3 Bd2 49. Ka4 Kf4 50. Bb7 Bb4 51. Ba8 Bd2 52. Bb7 Bb4 53. Ba8 Bd2 1/2-1/2

[Event "Online Olym Top DivB 2020"]
[Site "chess.com INT"]
[Date "2020.08.21"]
[Round "1.4"]
[Board "1"]
[White "Ivanchuk, Vasyl"]
[Black "Vallejo Pons, Francisco"]
[Result "1/2-1/2"]
[WhiteTitle "GM"]
[BlackTitle "GM"]
[WhiteElo "2678"]
[BlackElo "2710"]
[WhiteTeam "Ukraine"]
[BlackTeam "Spain"]
[WhiteFideId "14100010"]
[BlackFideId "2205530"]
[EventDate "2020.08.21"]
[EventType "team"]

1. e4 e6 2. d4 d5 3. Nc3 Bb4 4. exd5 exd5 5. Bd3 Nf6 6. Ne2 O-O 7. O-O Re8 8. a3
Bf8 9. Bg5 c6 10. f3 b6 11. Qd2 h6 12. Bh4 Ba6 13. Rae1 Bxd3 14. Qxd3 Nbd7 15.
Nd1 Qc7 16. Ne3 Bd6 17. Kh1 g6 18. c4 dxc4 19. Nxc4 Bf8 20. Nc3 Rxe1 21. Rxe1
Re8 22. Rxe8 Nxe8 23. Bg3 Qd8 24. h3 Nef6 25. Qe2 Nh5 26. Bh2 Qg5 27. Qe3 Qxe3
28. Nxe3 f5 29. d5 cxd5 30. Nexd5 Nhf6 31. Nxf6+ Nxf6 32. Kg1 Kf7 33. Kf1 a6 34.
Ke2 Ke6 35. Kd3 Nd5 36. Nxd5 Kxd5 37. a4 b5 38. axb5 axb5 39. Bf4 h5 40. b3 Be7 1/2-1/2

[Event "Online Olym Top DivB 2020"]
[Site "chess.com INT"]
[Date "2020.08.21"]
[Round "1.4"]
[Board "2"]
[White "Anton Guijarro, David"]
[Black "Korobov, Anton"]
[Result "1/2-1/2"]
[WhiteTitle "GM"]
[BlackTitle "GM"]
[WhiteElo "2688"]
[BlackElo "2688"]
[WhiteTeam "Spain"]
[BlackTeam "Ukraine"]
[WhiteFideId "2285525"]
[BlackFideId "14105730"]
[EventDate "2020.08.21"]
[EventType "team"]

1. e4 c5 2. Nf3 d6 3. d4 cxd4 4. Qxd4 Nf6 5. Bg5 a6 6. Bxf6 gxf6 7. Be2 Nc6 8.
Qe3 f5 9. Nc3 Bg7 10. O-O O-O 11. Rad1 fxe4 12. Nxe4 Qa5 13. Bd3 Nb4 14. Ng3
Nxd3 15. Rxd3 Be6 16. b3 Rac8 17. c4 b5 18. cxb5 Qxb5 19. Nd4 Bxd4 20. Rxd4 Rc2
21. Rh4 Rfc8 22. Qe4 Qe5 23. Qxh7+ Kf8 24. Ra4 d5 25. Rxa6 d4 26. h4 Bd5 27. Ra5
e6 28. Ra7 Qg7 29. Qxg7+ Kxg7 30. Ra4 e5 31. Re1 f6 32. Nf5+ Kf8 33. Nxd4 exd4
34. Rxd4 Bf7 35. Rf4 R8c6 36. Ra1 Kg7 37. Kh2 Rd6 38. Kg3 Rd3+ 39. Rf3 Rxf3+ 40.
Kxf3 Bd5+ 41. Kg3 Rb2 42. f3 Kg6 43. Rd1 Bf7 44. Ra1 Bd5 45. Rd1 Bf7 46. Ra1 Bd5 1/2-1/2

[Event "Online Olym Top DivB 2020"]
[Site "chess.com INT"]
[Date "2020.08.21"]
[Round "1.4"]
[Board "3"]
[White "Osmak, Iulija"]
[Black "Matnadze, Ana"]
[Result "1/2-1/2"]
[WhiteTitle "IM"]
[BlackTitle "IM"]
[WhiteElo "2438"]
[BlackElo "2421"]
[WhiteTeam "Ukraine"]
[BlackTeam "Spain"]
[WhiteFideId "14101602"]
[BlackFideId "13601377"]
[EventDate "2020.08.21"]
[EventType "team"]

1. d4 Nf6 2. Bg5 d5 3. e3 g6 4. Bxf6 exf6 5. c4 c6 6. Nc3 dxc4 7. Bxc4 Bg7 8.
Nge2 O-O 9. O-O Nd7 10. a3 f5 11. b4 Nf6 12. Qb3 Qd6 13. h3 b5 14. Bd3 Be6 15.
Qb2 a5 16. Nf4 Nd5 17. Ncxd5 Bxd5 18. bxa5 Rxa5 19. Qb4 Qxb4 20. axb4 Rxa1 21.
Rxa1 Bb3 22. Rc1 Rb8 23. Rxc6 Bf8 24. Rc3 Ba4 25. Nd5 Rd8 26. e4 fxe4 27. Bxe4
Bg7 28. Ne7+ Kf8 29. Nc6 Re8 30. Bf3 Re1+ 31. Kh2 Bf6 32. Rc5 Rb1 33. d5 Rb2 34.
d6 Rd2 35. Rd5 Rxd5 36. Bxd5 Ke8 37. f4 Kd7 38. Ne5+ Kxd6 39. Bxf7 Bxe5 40.
fxe5+ Kxe5 41. Kg3 Bc2 42. Kg4 Kf6 43. Be8 Bd3 44. Kf4 g5+ 45. Ke3 Bf1 46. g3
Ke5 47. h4 gxh4 48. gxh4 h6 49. Bf7 Kf6 50. Be8 Ke5 51. Bf7 Kf6 52. Be8 Ke5 1/2-1/2

[Event "Online Olym Top DivB 2020"]
[Site "chess.com INT"]
[Date "2020.08.21"]
[Round "1.4"]
[Board "6"]
[White "Garcia Martin, Marta"]
[Black "Berdnyk, Mariia"]
[Result "1/2-1/2"]
[WhiteTitle "IM"]
[BlackTitle "FM"]
[WhiteElo "2328"]
[BlackElo "2324"]
[WhiteTeam "Spain"]
[BlackTeam "Ukraine"]
[WhiteFideId "32084030"]
[BlackFideId "14137054"]
[EventDate "2020.08.21"]
[EventType "team"]

1. e4 c5 2. Nf3 Nc6 3. d4 cxd4 4. Nxd4 Nf6 5. Nc3 d6 6. Bg5 Bd7 7. Qd2 Rc8 8. f3
Nxd4 9. Qxd4 Qa5 10. Bd2 Qc5 11. Qxc5 Rxc5 12. Be3 Rc6 13. Bxa7 e6 14. Bb5 Rc8
15. Bxd7+ Nxd7 16. Bd4 Be7 17. O-O O-O 18. Rfd1 Ne5 19. Kf1 Nc4 20. Rab1 Bf6 21.
Ke2 Bxd4 22. Rxd4 Nxb2 23. Rxb2 Rxc3 24. Rxd6 Rfc8 25. Kd2 R3c7 26. Kc1 Kf8 27.
Rdb6 Ra8 28. Rxb7 Rxb7 29. Rxb7 Rxa2 30. Kb1 Ra8 31. Kb2 Rd8 32. Kc1 g6 33. c3
Kg7 34. Kc2 g5 35. c4 Rd4 36. Kc3 Rd1 37. c5 Rg1 38. Rb2 Kf8 39. Rd2 Ke7 40. Kc4
f5 41. exf5 exf5 42. c6 Rc1+ 43. Kb5 h5 44. Kb6 Rb1+ 45. Ka7 Rc1 46. Kb7 Rb1+
47. Kc8 Rc1 48. Kc7 g4 49. Re2+ Kf6 50. Kd7 Rd1+ 51. Kc8 Rc1 52. c7 gxf3 53.
gxf3 Kg5 54. Kd7 Rd1+ 55. Ke7 Rc1 56. Kd8 Rd1+ 57. Kc8 Rc1 58. Re8 Kf4 59. Rf8
h4 60. Rh8 Kxf3 61. Rxh4 f4 62. Rh8 Kg2 63. h4 f3 64. Rf8 f2 65. Kd7 Rd1+ 66.
Ke6 Re1+ 67. Kd6 Rd1+ 68. Ke5 Re1+ 69. Kd5 Rd1+ 70. Kc6 Rc1+ 71. Kb6 Rb1+ 72.
Ka7 Ra1+ 73. Kb7 Rb1+ 74. Kc8 Rh1 75. Rxf2+ Kxf2 76. Kd7 Rd1+ 77. Ke7 Rc1 78.
Kd7 Rd1+ 79. Ke7 Rc1 80. Kd7 Rd1+ 1/2-1/2

[Event "Online Olym Top DivB 2020"]
[Site "chess.com INT"]
[Date "2020.08.21"]
[Round "1.5"]
[Board "4"]
[White "Dauletova, Gulmira"]
[Black "Cibickova, Zuzana"]
[Result "1/2-1/2"]
[WhiteTitle "WGM"]
[BlackTitle "WGM"]
[WhiteElo "2319"]
[BlackElo "2256"]
[WhiteTeam "Kazakhstan"]
[BlackTeam "Slovakia"]
[WhiteFideId "13702971"]
[BlackFideId "14905779"]
[EventDate "2020.08.21"]
[EventType "team"]

1. e4 e5 2. Nf3 Nc6 3. Bb5 a6 4. Ba4 Nf6 5. O-O Be7 6. Re1 b5 7. Bb3 d6 8. c3
O-O 9. h3 Re8 10. d4 Bb7 11. Nbd2 Bf8 12. Bc2 h6 13. d5 Nb8 14. b3 c6 15. c4
Nbd7 16. a4 b4 17. Nf1 c5 18. g4 g6 19. Ng3 Bg7 20. Kh1 Nf8 21. Rg1 Bc8 22. Be3
N6h7 23. Qd2 g5 24. Nf5 Ng6 25. h4 f6 26. Rg2 Ra7 27. Rag1 Bf8 28. Rh2 Rf7 29.
Rg3 Nf4 30. Bxf4 exf4 31. Rgh3 Bxf5 32. exf5 Qe7 33. Bd3 Qd8 34. Kg2 Qe7 35. Rh1
Qd8 36. Qd1 Qe7 37. Re1 Qd8 38. Re6 Rg7 39. hxg5 hxg5 40. Rh1 Rge7 41. Nd2 Bg7
42. Ne4 Rd7 43. Qe2 Rf8 44. Qf3 Rff7 45. Qh3 Bf8 46. Qh5 Rg7 47. Rh3 Rdf7 48.
Rh1 Rd7 49. Re8 Qc7 50. Re1 Rde7 51. Rxe7 Qxe7 52. Rh1 Qf7 53. Qxf7+ Kxf7 54.
Rh6 Ke7 55. Rg6 Kf7 56. Nd2 Be7 57. Rh6 Nf8 58. Ne4 Nd7 59. Rh8 Rg8 60. Rh7+ Rg7
61. Rh8 Rg8 62. Rh7+ Rg7 63. Rh6 Ne5 64. Be2 Nd7 65. Rh5 Ne5 66. Rh8 Rg8 67. Rh6
Rg7 68. Rh8 Rg8 69. Rh7+ Rg7 70. Rh6 Rg8 71. Nd2 Kg7 72. Rh5 Rh8 73. Rxh8 Kxh8
74. Kh3 Kg7 75. Kg2 Kf7 76. Ne4 Kg7 77. Nd2 Kf7 78. Ne4 Kg7 79. Nd2 1/2-1/2

[Event "Online Olym Top DivB 2020"]
[Site "chess.com INT"]
[Date "2020.08.21"]
[Round "1.5"]
[Board "5"]
[White "Sahidi, Samir"]
[Black "Makhnev, Denis"]
[Result "1/2-1/2"]
[WhiteTitle "FM"]
[BlackTitle "IM"]
[WhiteElo "2400"]
[BlackElo "2486"]
[WhiteTeam "Slovakia"]
[BlackTeam "Kazakhstan"]
[WhiteFideId "14936372"]
[BlackFideId "13707647"]
[EventDate "2020.08.21"]
[EventType "team"]

1. d4 d5 2. c4 dxc4 3. Nc3 Nf6 4. e3 e5 5. Bxc4 exd4 6. exd4 Bd6 7. Bg5 O-O 8.
Nge2 c6 9. a3 Nbd7 10. Qd2 Nb6 11. Ba2 Bf5 12. O-O h6 13. Bf4 Re8 14. Rfe1 a5
15. Ng3 Bg6 16. Rxe8+ Nxe8 17. Re1 Nf6 18. h3 Bf8 19. Be5 Nbd5 20. Nge2 b5 21.
Nxd5 Nxd5 22. Nf4 Nxf4 23. Qxf4 Qd7 24. Rc1 Kh7 25. Qf3 Ra6 26. h4 Kg8 27. Bb3
h5 28. Bc2 Bxc2 29. Rxc2 f6 30. Bg3 Qxd4 31. Qxh5 c5 32. Qe2 c4 33. a4 Qd3 34.
axb5 Qxe2 35. Rxe2 Rb6 36. Rc2 Rxb5 37. Rxc4 Rxb2 38. Ra4 Rb5 39. Bc7 Bb4 40. g4
Kf7 41. Ra1 Ke6 42. Kg2 Kd7 43. Bf4 Kc6 44. h5 Rc5 45. Be3 Rd5 46. f4 Kb5 47.
Kf3 a4 48. Ke4 Rd7 49. g5 fxg5 50. fxg5 a3 51. Bd4 Kc4 52. Rc1+ Kb3 53. Rb1+ Ka4
54. h6 gxh6 55. gxh6 a2 56. Ra1 Kb3 57. Bg7 Rd8 58. h7 Ba3 59. h8=Q Rxh8 60.
Bxh8 Bb2 61. Bxb2 Kxb2 62. Rxa2+ Kxa2 1/2-1/2

[Event "Online Olym Top DivB 2020"]
[Site "chess.com INT"]
[Date "2020.08.21"]
[Round "2.1"]
[Board "3"]
[White "Peng, Zhaoqin"]
[Black "Assaubayeva, Bibisara"]
[Result "1/2-1/2"]
[WhiteTitle "GM"]
[BlackTitle "FM"]
[WhiteElo "2358"]
[BlackElo "2378"]
[WhiteTeam "Netherlands"]
[BlackTeam "Kazakhstan"]
[WhiteFideId "1004786"]
[BlackFideId "13708694"]
[EventDate "2020.08.21"]
[EventType "team"]

1. d4 Nf6 2. c4 g6 3. Nc3 Bg7 4. e4 d6 5. Bd3 O-O 6. Nge2 e5 7. d5 a5 8. O-O Na6
9. Ng3 Nc5 10. Bc2 c6 11. Be3 cxd5 12. cxd5 Bd7 13. a4 Rc8 14. h3 h5 15. Re1 h4
16. Nf1 Nh5 17. Nd2 Nf4 18. Nf3 Qf6 19. Bxf4 Qxf4 20. Qc1 Qf6 21. Qe3 Qe7 22.
Rad1 f5 23. Qg5 Qxg5 24. Nxg5 Rfd8 25. Nf3 Bf6 26. Nd2 fxe4 27. Ndxe4 Nxe4 28.
Bxe4 Kf7 29. Bd3 Be7 30. Re4 Bf5 31. Rc4 Rxc4 32. Bxc4 Rc8 33. Bd3 Bd8 34. Kf1
Bb6 35. Nb5 Ke7 36. Ke2 e4 37. Bb1 Rc4 38. b3 Rb4 39. Bc2 Bc5 40. Rc1 Kf6 41.
Nc3 Ke5 42. Rd1 e3 43. Bxf5 gxf5 44. fxe3 Rxb3 45. Rd3 Bb4 46. Nb5 Rb2+ 47. Kf1
Ra2 48. Rd1 Rxa4 49. Nc7 Ra2 50. Ne6 Ke4 51. Nf4 Kxe3 52. Ng6 Bc5 53. Nxh4 Kf4
54. Ng6+ Kg3 55. Rd3+ Kh2 56. h4 Rf2+ 57. Ke1 Rxg2 58. h5 Rg1+ 59. Ke2 Rg3 60.
Nf4 Rxd3 61. Kxd3 Ba3 62. Kc2 Bc5 63. Kd3 Ba3 64. Kc2 Bc5 65. Kd3 1/2-1/2

[Event "Online Olym Top DivB 2020"]
[Site "chess.com INT"]
[Date "2020.08.21"]
[Round "2.1"]
[Board "4"]
[White "Dauletova, Gulmira"]
[Black "Ratsma, Rosa"]
[Result "1/2-1/2"]
[WhiteTitle "WGM"]
[BlackTitle "WIM"]
[WhiteElo "2319"]
[BlackElo "2306"]
[WhiteTeam "Kazakhstan"]
[BlackTeam "Netherlands"]
[WhiteFideId "13702971"]
[BlackFideId "1033662"]
[EventDate "2020.08.21"]
[EventType "team"]

1. e4 e5 2. Nf3 Nc6 3. Bb5 a6 4. Ba4 Nf6 5. O-O Be7 6. Re1 b5 7. Bb3 d6 8. c3
O-O 9. h3 Nd7 10. d4 Bf6 11. a3 Bb7 12. Ba2 Nb6 13. d5 Ne7 14. b3 c6 15. c4 cxd5
16. cxd5 Rc8 17. Be3 g6 18. Nbd2 Bg7 19. Nh2 f5 20. f3 h6 21. a4 g5 22. Bb1
Nbxd5 23. exd5 Nxd5 24. Ndf1 Nc3 25. Qd2 d5 26. Bf2 d4 27. Ng3 Qd7 28. axb5 axb5
29. Bd3 Bd5 30. b4 Be6 31. Ra5 Qd6 32. Nh5 Bh8 33. Qb2 Bc4 34. Bf1 e4 35. fxe4
fxe4 36. Ng4 Qg6 37. Ng3 e3 38. Bxc4+ bxc4 39. Nxe3 dxe3 40. Bxe3 Rce8 41. Qd2
Ne4 42. Nxe4 Qxe4 43. Rc5 c3 44. Qa2+ Qe6 45. Qxe6+ Rxe6 46. Rc4 Rfe8 47. Kf2
Kf7 48. b5 Be5 49. b6 Bf4 50. b7 Bxe3+ 51. Rxe3 Rxe3 52. b8=Q Re2+ 53. Kf3 R2e3+
54. Kf2 Re2+ 55. Kf3 Rxb8 56. Kxe2 Rb2+ 57. Kf3 Rc2 58. g4 Rc1 59. Rc6 Kg7 60.
Ke2 c2 61. Kd2 Rh1 62. Kxc2 Rxh3 63. Kd2 Rg3 64. Rc4 Kf6 65. Ke2 Ke5 66. Kf2 Ra3
67. Rc6 Kf4 68. Rc4+ Ke5 69. Rc6 Rh3 70. Kg2 Rb3 71. Rxh6 Kf4 72. Rc6 Kxg4 73.
Rc2 Kf4 74. Rd2 g4 75. Rc2 Re3 76. Rc4+ Kg5 77. Rc2 Kh4 78. Rb2 Rg3+ 79. Kh2 Rf3
80. Kg2 Rc3 81. Rd2 Kg5 82. Ra2 Kf4 83. Ra4+ Kf5 84. Ra5+ Kf4 85. Ra4+ Kg5 86.
Ra5+ Kh4 87. Ra2 Rg3+ 88. Kh2 Rd3 89. Kg2 g3 90. Ra4+ Kg5 91. Rb4 Re3 92. Kh3
Kf5 93. Ra4 Rf3 94. Rb4 Rc3 1/2-1/2

[Event "Online Olym Top DivB 2020"]
[Site "chess.com INT"]
[Date "2020.08.21"]
[Round "2.2"]
[Board "2"]
[White "Ftacnik, Lubomir"]
[Black "Anton Guijarro, David"]
[Result "1/2-1/2"]
[WhiteTitle "GM"]
[BlackTitle "GM"]
[WhiteElo "2510"]
[BlackElo "2688"]
[WhiteTeam "Slovakia"]
[BlackTeam "Spain"]
[WhiteFideId "14900017"]
[BlackFideId "2285525"]
[EventDate "2020.08.21"]
[EventType "team"]

1. Nf3 d5 2. e3 Nf6 3. c4 e6 4. Nc3 dxc4 5. Bxc4 a6 6. a4 c5 7. O-O Nc6 8. d4
Bd6 9. Qe2 O-O 10. Rd1 Qc7 11. b3 Nb4 12. Bb2 cxd4 13. exd4 Bd7 14. Ne5 Bc6 15.
Rac1 Rad8 16. h3 Bxe5 17. dxe5 Rxd1+ 18. Rxd1 Nfd5 19. Ne4 b5 20. axb5 axb5 21.
Bxd5 Nxd5 22. Qg4 Kh8 23. Nd6 Ba8 24. Rc1 Qd7 25. Qd4 Kg8 26. Kh2 h6 27. Rc5 b4
28. Qc4 Bb7 29. Ra5 Qc6 30. Qxc6 Bxc6 31. Bd4 Nf4 32. g3 Nd3 33. Ra1 Bf3 34. g4
g5 35. Kg3 Bd5 36. Rd1 Nf4 37. Be3 Ng6 38. Bc5 Rb8 39. Rd4 Nxe5 40. Rxb4 Rxb4
41. Bxb4 Bxb3 42. Ne4 Kh7 43. Bc3 Nd3 44. Nf6+ Kg6 45. Nd7 f5 46. Ne5+ Nxe5 47.
Bxe5 f4+ 48. Kg2 Bd5+ 49. f3 Bc6 50. Kf2 Bd5 51. Kg2 Bc6 52. Kf2 Bd5 53. Kg2 1/2-1/2

[Event "Online Olym Top DivB 2020"]
[Site "chess.com INT"]
[Date "2020.08.21"]
[Round "2.5"]
[Board "4"]
[White "Gara, Anita"]
[Black "Mammadova, Gulnar"]
[Result "1/2-1/2"]
[WhiteTitle "IM"]
[BlackTitle "IM"]
[WhiteElo "2345"]
[BlackElo "2382"]
[WhiteTeam "Hungary"]
[BlackTeam "Azerbaijan"]
[WhiteFideId "709751"]
[BlackFideId "13403508"]
[EventDate "2020.08.21"]
[EventType "team"]

1. e4 e6 2. d4 d5 3. Nd2 Be7 4. Ngf3 Nf6 5. e5 Nfd7 6. Bd3 c5 7. c3 Nc6 8. O-O
a5 9. a4 b6 10. Qe2 cxd4 11. cxd4 Nb4 12. Bb5 Ba6 13. Bxa6 Nxa6 14. Nb1 O-O 15.
Nc3 Nb4 16. Bf4 Qc8 17. Rfc1 Qc4 18. Qd2 Qd3 19. Nb5 Rac8 20. Ne1 Qg6 21. Na7
Rcd8 22. Rc7 f6 23. exf6 Qxf6 24. Bg3 e5 25. Nf3 e4 26. Ne5 Qf5 27. Nac6 Nxc6
28. Nxc6 Bg5 29. Qe2 Rde8 30. h4 Bf6 31. Rc1 Rf7 32. Rc3 h6 33. Qe3 Qg4 34. b4
axb4 35. Rc1 Bxh4 36. Bxh4 Qxh4 37. Nxb4 Qh5 38. Qb3 Nf6 39. Rxf7 Kxf7 40. Nc6
Ng4 41. Qg3 Qg5 42. Rb1 e3 43. f3 e2 44. fxg4 Qd2 45. Qf2+ Kg8 46. Re1 Re4 47.
Ne5 Qc3 48. Rxe2 Rxe2 49. Qxe2 Qxd4+ 50. Kf1 Qa1+ 51. Kf2 Qxa4 52. Ng6 Qd4+ 53.
Qe3 Qf6+ 54. Nf4 1/2-1/2

[Event "Online Olym Top DivB 2020"]
[Site "chess.com INT"]
[Date "2020.08.21"]
[Round "2.5"]
[Board "5"]
[White "Asadli, Vugar"]
[Black "Kozak, Adam"]
[Result "1/2-1/2"]
[WhiteTitle "GM"]
[BlackTitle "GM"]
[WhiteElo "2572"]
[BlackElo "2503"]
[WhiteTeam "Azerbaijan"]
[BlackTeam "Hungary"]
[WhiteFideId "13405764"]
[BlackFideId "753246"]
[EventDate "2020.08.21"]
[EventType "team"]

1. e4 e5 2. Bc4 Nc6 3. d3 Nf6 4. Nc3 Bc5 5. f4 d6 6. Nf3 h6 7. Na4 Bb6 8. a3 O-O
9. Nxb6 axb6 10. O-O exf4 11. Bxf4 Be6 12. Bxe6 fxe6 13. Bd2 Nd7 14. Qe2 e5 15.
b4 Qe7 16. c3 Rae8 17. g3 Qe6 18. Nh4 Ne7 19. c4 Rf6 20. a4 Ref8 21. Rxf6 Nxf6
22. b5 Qh3 23. Rf1 g5 24. Nf5 Nxf5 25. Rxf5 Kg7 26. Bc3 Qg4 27. Kf1 Qh3+ 28. Ke1
Nd7 29. Rxf8 Nxf8 30. d4 exd4 31. Bxd4+ Kg8 32. Qf2 Qe6 33. Qf6 Qxf6 34. Bxf6
Kf7 35. Bd4 Ne6 36. Be3 Kf6 37. Ke2 Nf8 38. Bd4+ Kf7 39. Kf3 Ne6 40. Be3 h5 41.
h3 Kf6 42. Ke2 g4 43. hxg4 hxg4 44. Kd3 Ke5 45. Bf2 Kf6 46. Be3 Ke5 47. Bg1 Kf6
48. Ke3 Ke5 49. Kd3 Kf6 50. Bd4+ Kg6 51. e5 dxe5 52. Bxe5 Kf5 53. Bd4 Ng5 54.
Be3 Ne6 55. Bf2 Ke5 56. Be3 Kf5 57. Bd4 Ng5 58. c5 bxc5 59. Bxc5 Ne4 60. Be3 b6
61. Bf4 Nc5+ 62. Kc4 Ne6 63. Bd2 Ke4 64. Be1 Nd4 65. a5 bxa5 66. Bxa5 Ne6 67.
Bxc7 Nxc7 68. b6 Na6 69. b7 Ke5 70. Kb5 Nb8 71. Kc5 Ke6 72. Kd4 Kd6 73. Ke4 Kc6
74. Kf4 Kxb7 75. Kxg4 Kc7 76. Kf5 Kd8 77. Kf6 Ke8 78. g4 Kf8 79. g5 Kg8 80. g6
Nd7+ 81. Ke7 Nf8 82. g7 Kxg7 1/2-1/2

[Event "Online Olym Top DivB 2020"]
[Site "chess.com INT"]
[Date "2020.08.21"]
[Round "3.1"]
[Board "1"]
[White "Banusz, Tamas"]
[Black "Giri, Anish"]
[Result "1/2-1/2"]
[WhiteTitle "GM"]
[BlackTitle "GM"]
[WhiteElo "2628"]
[BlackElo "2764"]
[WhiteTeam "Hungary"]
[BlackTeam "Netherlands"]
[WhiteFideId "722413"]
[BlackFideId "24116068"]
[EventDate "2020.08.21"]
[EventType "team"]

1. Nf3 d5 2. g3 g6 3. Bg2 Bg7 4. d4 Nf6 5. c4 c6 6. Qb3 O-O 7. O-O a5 8. cxd5 a4
9. Qd1 Nxd5 10. e4 Nc7 11. Na3 Bg4 12. Be3 c5 13. dxc5 Qxd1 14. Raxd1 Nc6 15.
Nc4 Be6 16. b3 a3 17. Nb6 Rad8 18. Bf4 Nb5 19. Nd5 Nc3 20. Nxc3 Bxc3 21. Bd2 Bb4
22. Bxb4 Nxb4 23. Rd2 Rxd2 24. Nxd2 Rc8 25. Rc1 Rd8 26. Nc4 Nxa2 27. Ra1 Bxc4
28. bxc4 Nc3 29. Rxa3 Rd1+ 30. Bf1 Nxe4 31. Kg2 Nxc5 32. Ra8+ Kg7 33. Rc8 b6 34.
Rc6 Rd6 35. Rxd6 exd6 36. Kf3 Kf6 37. Ke3 Ne6 38. Ke4 Nc7 39. Kd4 Ke6 40. h4 f5
41. Be2 Kd7 42. Bf1 Ne6+ 43. Kd5 Nc7+ 44. Kd4 Ke7 45. Be2 Kf6 46. Bf1 h6 47. Be2
g5 48. hxg5+ hxg5 49. Bd3 g4 50. Be2 Ke6 51. Bf1 Na6 52. Bg2 Nc5 53. Bd5+ Ke7
54. Bg2 Ke6 55. Bd5+ Kd7 56. Bg2 Ne6+ 57. Kd5 Nc7+ 58. Kd4 b5 59. cxb5 Nxb5+ 60.
Kc4 Nc7 61. Kd4 Ke6 62. Bb7 Nb5+ 63. Kc4 Nc7 64. Kd4 Kf6 65. Bc6 Ke7 66. Kc4 Ne6
67. Kd5 Ng5 68. Kd4 Ke6 69. Bb7 Kf6 70. Bc6 Nf7 71. Kd5 Ne5 72. Bb5 Ke7 73. Be2
Kd7 74. Bb5+ Ke7 75. Be2 Nd7 76. Bd3 Nf6+ 77. Kd4 Ke6 78. Bc4+ d5 79. Bb3 Kd6
80. Ba2 Ne4 81. Bxd5 Nxf2 82. Bb7 Ke6 83. Bc8+ Kf6 84. Bb7 Nh3 85. Bc6 Ng5 86.
Bb7 Ne6+ 87. Ke3 Ke5 88. Bc8 Nc5 89. Kf2 Ne4+ 90. Kg2 Nd6 91. Bd7 Kd4 92. Be6
Ke4 93. Bd7 Ke3 94. Be6 Ke2 95. Bd5 Kd3 96. Be6 Kc3 97. Bd7 Kd2 98. Be6 Ke1 99.
Bd5 Nb5 100. Bc4 Nc3 101. Bd3 Nd5 102. Ba6 Ne3+ 103. Kg1 Kd2 104. Kf2 Nd1+ 105.
Kg2 Ke3 106. Bc8 Ke2 107. Ba6+ Ke1 108. Bb5 Ne3+ 109. Kg1 Kd2 110. Kf2 Nd1+ 111.
Kg2 Ke3 112. Bd7 Kd4 113. Bc8 Ke5 114. Bd7 Nc3 115. Bc8 Nd5 116. Bd7 Nb6 117.
Bb5 Kd4 118. Bc6 Kc5 119. Bb7 Nc4 120. Bc8 Nd6 121. Bd7 Kd4 122. Be6 Ke5 123.
Bd7 Ne4 124. Bc8 Nc5 125. Kf2 Nb3 126. Kg2 Nd4 127. Kf2 Kf6 128. Kg2 Nb5 129.
Kf2 Kg6 130. Kg2 Kg5 131. Kf2 Kf6 1/2-1/2

[Event "Online Olym Top DivB 2020"]
[Site "chess.com INT"]
[Date "2020.08.21"]
[Round "3.1"]
[Board "6"]
[White "Van Foreest, Machteld"]
[Black "Gaal, Zsoka"]
[Result "1/2-1/2"]
[BlackTitle "WFM"]
[WhiteElo "2161"]
[BlackElo "2221"]
[WhiteTeam "Netherlands"]
[BlackTeam "Hungary"]
[WhiteFideId "1051563"]
[BlackFideId "777765"]
[EventDate "2020.08.21"]
[EventType "team"]

1. e4 c5 2. Nf3 e6 3. d4 cxd4 4. Nxd4 Nc6 5. Nc3 Qc7 6. Be3 a6 7. Be2 Nf6 8. O-O
Bb4 9. f3 O-O 10. Kh1 Bxc3 11. bxc3 d5 12. Bg5 Ne7 13. Bxf6 gxf6 14. Qe1 e5 15.
Qg3+ Kh8 16. Nf5 Nxf5 17. exf5 Bxf5 18. Qh4 Qd6 19. Bd3 Bxd3 20. cxd3 Rg8 21. f4
Rg6 22. Rab1 b5 23. f5 Rg5 24. a4 Qc6 25. d4 e4 26. Qh6 bxa4 27. Rf2 a3 28. Ra2
Rxf5 29. Qh3 Rg5 30. Rxa3 Qc8 31. Qxc8+ Rxc8 32. Rxa6 Rf5 33. Ra3 Rf2 34. Kg1
Rc2 35. Ra5 R8xc3 36. Rxd5 e3 37. Re1 Rd2 38. Rd8+ Kg7 39. Re8 Rcc2 40. R8xe3
Rxg2+ 41. Kh1 Rxh2+ 42. Kg1 Rhg2+ 43. Kh1 h5 44. d5 h4 45. Rh3 Rg4 46. Rd1 Rc8
47. d6 Rd8 48. d7 Kh6 49. Rf3 Rg6 50. Kh2 Kg7 51. Rf4 Rh6 52. Kh3 Kf8 53. Re4 f5
54. Re5 Rh5 55. Rdd5 f6 56. Rxf5 Rxf5 57. Rxf5 Ke7 58. Kxh4 Rxd7 59. Kg4 Ke6 60.
Ra5 Rd4+ 61. Kf3 f5 62. Ra6+ Ke5 63. Ra5+ Kf6 64. Ra8 Rb4 65. Rf8+ Ke6 66. Re8+
Kf7 67. Ra8 f4 68. Ra6 Rc4 69. Rb6 Ke7 70. Ra6 Rb4 71. Rc6 Kd7 72. Rh6 Ke7 73.
Rh4 Kf6 74. Rxf4+ Rxf4+ 75. Kxf4 1/2-1/2